000 00403nam a2200157Ia 4500
008 230711s9999||||xx |||||||||||||| ||und||
041 _aENG
082 _a720
_bTA-S
100 _aTapert,Annette
245 0 _aSwid powell : objective by Architecture
250 _a1st Ed.
260 _c1990
_aNew Jersy
_bRizzoli International Publications Inc
300 _a144
650 _aArchitecture
942 _cBK
999 _c3373
_d3373